| 000 | 00380nam a22001217a 4500 | ||
|---|---|---|---|
| 082 | _a200 THE | ||
| 100 |
_aAbdul Sami Khan, _970277 |
||
| 245 | _aTH-SOF-1138-Characterization of Liquids with Improved Split Ring Resonator | ||
| 260 |
_aIslamabad _bNUST College of EME _c2015 |
||
| 650 | _aMS-ELECT-75 MSTHESIS | ||
| 700 |
_aSupervison , Dr. Muhammad Naveed _970278 |
||
| 942 | _cCF | ||
| 999 |
_c577270 _d577270 |
||